|
|
|
|
| LEADER |
01191nam a2200241 u 4500 |
| 001 |
10113208 |
| 003 |
upatras |
| 005 |
20210117210333.0 |
| 008 |
140707s1971 gr gre |
| 040 |
|
|
|a GR-PaULI
|c GR-PaULI
|b gre
|e AACR2
|
| 082 |
1 |
4 |
|a 015.495 4
|2 23
|
| 100 |
1 |
|
|a Χασιώτης, Ιωάννης Κ.,
|d 1936-
|e συγγραφέας
|9 7917
|
| 245 |
1 |
0 |
|a Θεσσαλική βιβλιογραφία :
|b πρώτη απογραφή, 1636-1962 /
|c Χασιώτης, Ι. Κ.
|c
|
| 260 |
|
|
|a Βόλος :
|b Φιλάρχαιος Εταιρεία Βόλου,
|c 1971
|
| 300 |
|
|
|a ιστ, 247 σ. :
|c 23 εκ.
|
| 490 |
|
|
|a Θεσσαλικά μελετήματα / Φιλαρχαίος Εταιρεία Βόλου
|v 2
|
| 500 |
|
|
|a
|
| 651 |
|
0 |
|9 160554
|a Θεσσαλία
|x Βιβλιογραφία
|
| 830 |
|
|
|9 160553
|a Θεσσαλικά μελετήματα / Φιλαρχαίος Εταιρεία Βόλου
|
| 942 |
|
|
|2 ddc
|c BKN
|
| 952 |
|
|
|0 0
|1 0
|2 ddc
|4 0
|6 015_495000000000000_4_ΧΑΣ
|7 0
|9 210475
|a LISP
|b LISP
|c DON
|d 2017-03-01
|e ΧΡΙ
|i 117527
|l 0
|o 015.495 4 ΧΑΣ
|p 025000253918
|r 2017-03-01 00:00:00
|t 1
|v 2017.00
|w 2017-03-01
|y BKN
|
| 998 |
|
|
|c ΜΠΟΥΡΑΣ
|d 2017-02
|
| 999 |
|
|
|c 127917
|d 127917
|